000 00630 a2200193 4500
999 _c3152
_d3152
020 _a9781472201737
050 _aPS 3555 EVA 2013
100 _aEvanivich, Janet
_eauthor
245 _aJanet Evanovich and Lee Goldberg the heist
_cJanet Evanovich and Lee Goldberg
264 _aLondon :
_bHeadline Review
_c2013
300 _a302p:
500 _aIncludes index
650 _aFederal Bureau of Investigation
_x Fiction.
650 _aSwindlers and swindling .
_x Fiction
650 _aInvestment banking
_x Corrupt practices
651 _a United States.
700 _aGoldberg, Lee
_eauthor
942 _2lcc
_cBK
_h3555
_iEVA
_kPS